1889 1269 1408 1291 1964 1499 1381 1335 1857 1052 1060 1369 1481 1211 1686 1760 1844 1953 1819 1915 1528 1001 1963 1367 1715 1813 1414 1104 1999 1128 1379 1258 1917 1474 1455 1518 1803 1894 1857 1583 1682 1346 1577 1991 1766 1258 1006 1366 1728 1658 1228 1167 1696 1796 1321 1124 1775 1098 1921 1926 1206 1830 1701 1135 1035 1613 1969 1295 1840 1217 1470 1164 1812 1595 1350 1417 1705 1770 1442 1836 1698 1743 1227 1330 1129 1228 1888 1844 1655 1431 1960 1562 1094 1071 1237 1015 1355 1600 1797 BCNSPRNW ULIB Ver.6.0+V

เปลี่ยนเป็นภาษาไทย

Change to English
 แสดงรายละเอียดบรรณานุกรม
  กลับหน้าหลัก

Brief Record : Get Marc (ISO 2709) : E-mail record : QR code < ปิดหน้าต่าง
LEADER : 00000nam 2200000uu 4500
001    13399110369
003     ULIB
008    110429s2550||||th 000 0 tha d
020    9789748380674(ล.35)
060 04 WO5^bป364ศ ล.35 2550
245 00 ศัลยศาสตร์วิวัฒน์ 35 :^bControversies and current concepts in surgery /^cบรรณาธิการ, ประยุทธ ศิริวงษ์, เพชร เกษตรสุวรรณ, ชาญชัย นิมิตรวานิช
246 30 Controversies in current concepts in surgery
250    พิมพ์ครั้งที่ 1
260    กรุงเทพฯ :^bโฆสิตการพิมพ์,^c[2550]
300    436 หน้า :^bภาพประกอบ ;^c22 ซม.
650  7 ศัลยศาสตร์
653    ผลงานอาจารย์คณะแพทยศาสตร์ศิริราชพยาบาล
700 0  ประยุทธ ศิริวงษ์,^eบรรณาธิการ
700 0  เพชร เกษตรสุวรรณ,^eบรรณาธิการ
700 0  ชาญชัย นิมิตรวานิช,^eบรรณาธิการ
995    ทศพร
999 ^a ใช้งานได้ทุกระบบ
รายการนี้ยังไม่มีแท็ก
คุณยังไม่ได้ล็อกอิน คุณสามารถมีกิจกรรมร่วมกับเว็บไซต์ได้ แต่ต้องล็อกอินก่อน ::
  ล็อกอิน

รายการสื่อสารสนเทศ

ลำดับที่ ประเภท เลขเรียก/บาร์โค้ด สถานที่ สถานะ
- ไม่พบข้อมูล -

รายการใกล้เคียง
    หัวเรื่อง [ศัลยศาสตร์]

BibComment


ยังไม่เคยถูกคอมเมนท์

คอมเมนท์ทรัพยากรรายการนี้
  คอมเมนท์: ศัลยศาสตร์วิวัฒน์..


 Copyright 2026. Bcnsprnw @Library